Statistiques concernant Les mots de la langue française terminés par "ouille"

Cliquez ici pour prendre le quiz!

Statistiques générales

  • Ce quiz a été pris 421 fois
  • Le résultat moyen est 12 sur 25

Statistiques - réponses

IndiceMot% Correct
visagebouille
84%
peurtrouille
82%
batraciengrenouille
80%
qui n'a rien obtenubredouille
72%
saucerouille
71%
pâtenouille
65%
charbonhouille
61%
étuidouille
60%
célèbre à Vireandouille
58%
pochefouille
55%
canaillefripouille
52%
mésententebrouille
50%
légumecitrouille
50%
mauvaise cuisinetambouille
48%
spécialité culinaireratatouille
47%
gouttièregargouille
34%
combinemagouille
34%
baladevadrouille
34%
taupe de mer touille
31%
équipepatrouille
25%
ivrognearsouille
24%
roseau-massuequenouille
20%
entre le fer et le tissupattemouille
17%
peaudépouille
12%
banqueroutecarambouille
2%

Distribution des résultats

Percentile par nombre de réponses

% des personnes avec chaque résultat

Votre développement - résultats

Vous n’avez pas pris ce quiz